<?xml version="1.0" encoding="UTF-8"?>
<record
    xmlns:xsi="http://www.w3.org/2001/XMLSchema-instance"
    xsi:schemaLocation="http://www.loc.gov/MARC21/slim http://www.loc.gov/standards/marcxml/schema/MARC21slim.xsd"
    xmlns="http://www.loc.gov/MARC21/slim">

  <leader>01374nam a2200241Ia 4500</leader>
  <controlfield tag="003">Ost</controlfield>
  <controlfield tag="005">20260507075158.0</controlfield>
  <controlfield tag="008">260507s9999||||xx |||||||||||||| ||und||</controlfield>
  <datafield tag="020" ind1=" " ind2=" ">
    <subfield code="a">64352499539</subfield>
  </datafield>
  <datafield tag="040" ind1=" " ind2=" ">
    <subfield code="c">fsecg</subfield>
  </datafield>
  <datafield tag="041" ind1=" " ind2=" ">
    <subfield code="a">ara</subfield>
  </datafield>
  <datafield tag="082" ind1=" " ind2=" ">
    <subfield code="a">330</subfield>
  </datafield>
  <datafield tag="100" ind1=" " ind2=" ">
    <subfield code="a">&#x627;&#x644;&#x645;&#x647;&#x62A;&#x627;&#x631;&#x60C; &#x628;&#x633;&#x627;&#x645; &#x639;&#x627;&#x637;&#x641;</subfield>
    <subfield code="e">&#x645;&#x624;&#x644;&#x641;</subfield>
  </datafield>
  <datafield tag="245" ind1=" " ind2="0">
    <subfield code="a">&#x627;&#x644;&#x636;&#x645;&#x627;&#x646;&#x629; &#x639;&#x644;&#x649; &#x627;&#x644;&#x637;&#x644;&#x628; :</subfield>
    <subfield code="b">&#x622;&#x644;&#x64A;&#x629; &#x62F;&#x641;&#x639;&#x647;&#x627;-&#x62A;&#x639;&#x637;&#x644; &#x627;&#x644;&#x622;&#x644;&#x64A;&#x629; -&#x645;&#x633;&#x624;&#x648;&#x644;&#x64A;&#x629; &#x627;&#x644;&#x645;&#x635;&#x627;&#x631;&#x641; "&#x62F;&#x631;&#x627;&#x633;&#x646;&#x629; &#x645;&#x642;&#x627;&#x631;&#x646;&#x629;" /</subfield>
    <subfield code="c"> &#x628;&#x633;&#x627;&#x645; &#x639;&#x627;&#x637;&#x641; &#x627;&#x644;&#x645;&#x647;&#x62A;&#x627;&#x631;</subfield>
  </datafield>
  <datafield tag="260" ind1=" " ind2=" ">
    <subfield code="a">&#x628;&#x64A;&#x631;&#x648;&#x62A;: </subfield>
    <subfield code="b">&#x645;&#x646;&#x634;&#x648;&#x631;&#x627;&#x62A; &#x627;&#x644;&#x62D;&#x644;&#x628;&#x64A; &#x627;&#x644;&#x62D;&#x642;&#x648;&#x642;&#x64A;&#x629;, </subfield>
    <subfield code="c">2009</subfield>
  </datafield>
  <datafield tag="300" ind1=" " ind2=" ">
    <subfield code="a">367  &#x635;&#x641;&#x62D;&#x629;&#x61B; </subfield>
    <subfield code="c">24 &#x633;&#x645;</subfield>
  </datafield>
  <datafield tag="504" ind1=" " ind2=" ">
    <subfield code="a">&#x645;&#x631;&#x627;&#x62C;&#x639; &#x635;.355 &#x61B; &#x645;&#x644;&#x627;&#x62D;&#x642; &#x635;.175&#x61B; &#x645;&#x62E;&#x62A;&#x635;&#x631; &#x627;&#x644;&#x645;&#x635;&#x637;&#x644;&#x62D;&#x627;&#x62A; &#x635;.363</subfield>
  </datafield>
  <datafield tag="520" ind1=" " ind2=" ">
    <subfield code="a">&#x625;&#x633;&#x62A;&#x642;&#x644;&#x627;&#x644;&#x64A;&#x629; &#x627;&#x644;&#x636;&#x645;&#x627;&#x646;&#x629; &#x639;&#x646; &#x627;&#x644;&#x639;&#x642;&#x62F; &#x627;&#x644;&#x623;&#x633;&#x627;&#x633;&#x64A; &#x60C; &#x625;&#x633;&#x62A;&#x642;&#x644;&#x627;&#x644;&#x64A;&#x629; &#x627;&#x644;&#x636;&#x645;&#x627;&#x646;&#x629; &#x627;&#x644;&#x645;&#x642;&#x627;&#x628;&#x644;&#x629; &#x639;&#x646; &#x627;&#x644;&#x639;&#x642;&#x62F; &#x627;&#x644;&#x623;&#x633;&#x627;&#x633;&#x64A; &#x648; &#x639;&#x646; &#x627;&#x644;&#x636;&#x645;&#x627;&#x646;&#x629; &#x627;&#x644;&#x623;&#x648;&#x644;&#x64A;&#x629; &#x60C; &#x62A;&#x639;&#x637;&#x644; &#x627;&#x644;&#x622;&#x644;&#x64A;&#x629; &#x639;&#x646;&#x62F; &#x627;&#x644;&#x62A;&#x639;&#x633;&#x641; &#x628;&#x627;&#x633;&#x62A;&#x639;&#x645;&#x627;&#x644; &#x627;&#x644;&#x62D;&#x642; &#x623;&#x648; &#x627;&#x644;&#x63A;&#x634; &#x60C; &#x627;&#x644;&#x62F;&#x641;&#x639; &#x628;&#x627;&#x644;&#x63A;&#x634; &#x623;&#x648; &#x627;&#x644;&#x62A;&#x639;&#x633;&#x641; &#x628;&#x627;&#x633;&#x62A;&#x639;&#x645;&#x627;&#x644; &#x627;&#x644;&#x62D;&#x642; &#x60C; &#x62A;&#x623;&#x62B;&#x64A;&#x631; &#x625;&#x62B;&#x628;&#x627;&#x62A; &#x627;&#x644;&#x63A;&#x634; &#x623;&#x648; &#x627;&#x644;&#x62A;&#x639;&#x633;&#x641; &#x628;&#x627;&#x633;&#x62A;&#x639;&#x645;&#x627;&#x644; &#x627;&#x644;&#x62D;&#x642; &#x60C; &#x645;&#x633;&#x624;&#x648;&#x644;&#x64A;&#x629; &#x627;&#x644;&#x645;&#x635;&#x627;&#x631;&#x641; .</subfield>
  </datafield>
  <datafield tag="653" ind1=" " ind2=" ">
    <subfield code="a">&#x627;&#x644;&#x62A;&#x623;&#x645;&#x64A;&#x646; - &#x627;&#x644;&#x628;&#x646;&#x648;&#x643;</subfield>
  </datafield>
  <datafield tag="653" ind1=" " ind2=" ">
    <subfield code="a">&#x627;&#x644;&#x636;&#x645;&#x627;&#x646;&#x627;&#x62A; &#x627;&#x644;&#x645;&#x627;&#x644;&#x64A;&#x629;</subfield>
  </datafield>
  <datafield tag="700" ind1=" " ind2=" ">
    <subfield code="a">&#x633;&#x644;&#x64A;&#x62A; &#x645;&#x634;&#x631;&#x641;&#x64A;&#x629;&#x60C; &#x645;&#x627;&#x64A;&#x627; </subfield>
    <subfield code="e">&#x645;&#x624;&#x644;&#x641; &#x62B;&#x627;&#x646;&#x648;&#x64A;</subfield>
  </datafield>
  <datafield tag="942" ind1=" " ind2=" ">
    <subfield code="c">&#x643;&#x62A;&#x627;&#x628;</subfield>
  </datafield>
  <datafield tag="952" ind1=" " ind2=" ">
    <subfield code="0">0</subfield>
    <subfield code="1">0</subfield>
    <subfield code="2">ddc</subfield>
    <subfield code="4">0</subfield>
    <subfield code="7">-1</subfield>
    <subfield code="a">fsecg</subfield>
    <subfield code="b">fsecg</subfield>
    <subfield code="d">2026-05-07</subfield>
    <subfield code="h">&#x627;&#x644;&#x637;&#x627;&#x628;&#x642; &#x627;&#x644;&#x623;&#x631;&#x636;&#x64A;</subfield>
    <subfield code="i">13466</subfield>
    <subfield code="l">0</subfield>
    <subfield code="o">&#x623;/3401&#x646;1</subfield>
    <subfield code="p">13466</subfield>
    <subfield code="r">2026-05-07 07:51:58</subfield>
    <subfield code="w">2026-05-07</subfield>
    <subfield code="y">&#x643;&#x62A;&#x627;&#x628;</subfield>
  </datafield>
  <datafield tag="952" ind1=" " ind2=" ">
    <subfield code="0">0</subfield>
    <subfield code="1">0</subfield>
    <subfield code="2">ddc</subfield>
    <subfield code="4">0</subfield>
    <subfield code="7">0</subfield>
    <subfield code="a">fsecg</subfield>
    <subfield code="b">fsecg</subfield>
    <subfield code="d">2026-05-07</subfield>
    <subfield code="h">&#x645;&#x643;&#x62A;&#x628;&#x629; &#x628;&#x646; &#x639;&#x643;&#x646;&#x648;&#x646;</subfield>
    <subfield code="i">13475</subfield>
    <subfield code="l">0</subfield>
    <subfield code="o">&#x623;/3401&#x646;10</subfield>
    <subfield code="p">13475</subfield>
    <subfield code="r">2026-05-07 07:51:58</subfield>
    <subfield code="w">2026-05-07</subfield>
    <subfield code="y">&#x643;&#x62A;&#x627;&#x628;</subfield>
  </datafield>
  <datafield tag="952" ind1=" " ind2=" ">
    <subfield code="0">0</subfield>
    <subfield code="1">0</subfield>
    <subfield code="2">ddc</subfield>
    <subfield code="4">0</subfield>
    <subfield code="7">0</subfield>
    <subfield code="a">fsecg</subfield>
    <subfield code="b">fsecg</subfield>
    <subfield code="d">2026-05-07</subfield>
    <subfield code="h">&#x627;&#x644;&#x637;&#x627;&#x628;&#x642; &#x627;&#x644;&#x623;&#x631;&#x636;&#x64A;</subfield>
    <subfield code="i">13467</subfield>
    <subfield code="l">0</subfield>
    <subfield code="o">&#x623;/3401&#x646;2</subfield>
    <subfield code="p">13467</subfield>
    <subfield code="r">2026-05-07 07:51:58</subfield>
    <subfield code="w">2026-05-07</subfield>
    <subfield code="y">&#x643;&#x62A;&#x627;&#x628;</subfield>
  </datafield>
  <datafield tag="952" ind1=" " ind2=" ">
    <subfield code="0">0</subfield>
    <subfield code="1">0</subfield>
    <subfield code="2">ddc</subfield>
    <subfield code="4">0</subfield>
    <subfield code="7">0</subfield>
    <subfield code="a">fsecg</subfield>
    <subfield code="b">fsecg</subfield>
    <subfield code="d">2026-05-07</subfield>
    <subfield code="h">&#x627;&#x644;&#x637;&#x627;&#x628;&#x642; &#x627;&#x644;&#x623;&#x631;&#x636;&#x64A;</subfield>
    <subfield code="i">13468</subfield>
    <subfield code="l">0</subfield>
    <subfield code="o">&#x623;/3401&#x646;3</subfield>
    <subfield code="p">13468</subfield>
    <subfield code="r">2026-05-07 07:51:58</subfield>
    <subfield code="w">2026-05-07</subfield>
    <subfield code="y">&#x643;&#x62A;&#x627;&#x628;</subfield>
  </datafield>
  <datafield tag="952" ind1=" " ind2=" ">
    <subfield code="0">0</subfield>
    <subfield code="1">0</subfield>
    <subfield code="2">ddc</subfield>
    <subfield code="4">0</subfield>
    <subfield code="7">0</subfield>
    <subfield code="a">fsecg</subfield>
    <subfield code="b">fsecg</subfield>
    <subfield code="d">2026-05-07</subfield>
    <subfield code="h">&#x627;&#x644;&#x637;&#x627;&#x628;&#x642; &#x627;&#x644;&#x623;&#x631;&#x636;&#x64A;</subfield>
    <subfield code="i">13469</subfield>
    <subfield code="l">0</subfield>
    <subfield code="o">&#x623;/3401&#x646;4</subfield>
    <subfield code="p">13469</subfield>
    <subfield code="r">2026-05-07 07:51:58</subfield>
    <subfield code="w">2026-05-07</subfield>
    <subfield code="y">&#x643;&#x62A;&#x627;&#x628;</subfield>
  </datafield>
  <datafield tag="952" ind1=" " ind2=" ">
    <subfield code="0">0</subfield>
    <subfield code="1">0</subfield>
    <subfield code="2">ddc</subfield>
    <subfield code="4">0</subfield>
    <subfield code="7">0</subfield>
    <subfield code="a">fsecg</subfield>
    <subfield code="b">fsecg</subfield>
    <subfield code="d">2026-05-07</subfield>
    <subfield code="h">&#x627;&#x644;&#x637;&#x627;&#x628;&#x642; &#x627;&#x644;&#x623;&#x631;&#x636;&#x64A;</subfield>
    <subfield code="i">13470</subfield>
    <subfield code="l">0</subfield>
    <subfield code="o">&#x623;/3401&#x646;5</subfield>
    <subfield code="p">13470</subfield>
    <subfield code="r">2026-05-07 07:51:58</subfield>
    <subfield code="w">2026-05-07</subfield>
    <subfield code="y">&#x643;&#x62A;&#x627;&#x628;</subfield>
  </datafield>
  <datafield tag="952" ind1=" " ind2=" ">
    <subfield code="0">0</subfield>
    <subfield code="1">0</subfield>
    <subfield code="2">ddc</subfield>
    <subfield code="4">0</subfield>
    <subfield code="7">0</subfield>
    <subfield code="a">fsecg</subfield>
    <subfield code="b">fsecg</subfield>
    <subfield code="d">2026-05-07</subfield>
    <subfield code="h">&#x627;&#x644;&#x637;&#x627;&#x628;&#x642; &#x627;&#x644;&#x62B;&#x627;&#x646;&#x64A;</subfield>
    <subfield code="i">13471</subfield>
    <subfield code="l">0</subfield>
    <subfield code="o">&#x623;/3401&#x646;6</subfield>
    <subfield code="p">13471</subfield>
    <subfield code="r">2026-05-07 07:51:58</subfield>
    <subfield code="w">2026-05-07</subfield>
    <subfield code="y">&#x643;&#x62A;&#x627;&#x628;</subfield>
  </datafield>
  <datafield tag="952" ind1=" " ind2=" ">
    <subfield code="0">0</subfield>
    <subfield code="1">0</subfield>
    <subfield code="2">ddc</subfield>
    <subfield code="4">0</subfield>
    <subfield code="7">0</subfield>
    <subfield code="a">fsecg</subfield>
    <subfield code="b">fsecg</subfield>
    <subfield code="d">2026-05-07</subfield>
    <subfield code="h">&#x627;&#x644;&#x637;&#x627;&#x628;&#x642; &#x627;&#x644;&#x62B;&#x627;&#x646;&#x64A;</subfield>
    <subfield code="i">13472</subfield>
    <subfield code="l">0</subfield>
    <subfield code="o">&#x623;/3401&#x646;7</subfield>
    <subfield code="p">13472</subfield>
    <subfield code="r">2026-05-07 07:51:58</subfield>
    <subfield code="w">2026-05-07</subfield>
    <subfield code="y">&#x643;&#x62A;&#x627;&#x628;</subfield>
  </datafield>
  <datafield tag="952" ind1=" " ind2=" ">
    <subfield code="0">0</subfield>
    <subfield code="1">0</subfield>
    <subfield code="2">ddc</subfield>
    <subfield code="4">0</subfield>
    <subfield code="7">0</subfield>
    <subfield code="a">fsecg</subfield>
    <subfield code="b">fsecg</subfield>
    <subfield code="d">2026-05-07</subfield>
    <subfield code="h">&#x627;&#x644;&#x637;&#x627;&#x628;&#x642; &#x627;&#x644;&#x62B;&#x627;&#x646;&#x64A;</subfield>
    <subfield code="i">13473</subfield>
    <subfield code="l">0</subfield>
    <subfield code="o">&#x623;/3401&#x646;8</subfield>
    <subfield code="p">13473</subfield>
    <subfield code="r">2026-05-07 07:51:58</subfield>
    <subfield code="w">2026-05-07</subfield>
    <subfield code="y">&#x643;&#x62A;&#x627;&#x628;</subfield>
  </datafield>
  <datafield tag="952" ind1=" " ind2=" ">
    <subfield code="0">0</subfield>
    <subfield code="1">0</subfield>
    <subfield code="2">ddc</subfield>
    <subfield code="4">0</subfield>
    <subfield code="7">0</subfield>
    <subfield code="a">fsecg</subfield>
    <subfield code="b">fsecg</subfield>
    <subfield code="d">2026-05-07</subfield>
    <subfield code="h">&#x645;&#x643;&#x62A;&#x628;&#x629; &#x628;&#x646; &#x639;&#x643;&#x646;&#x648;&#x646;</subfield>
    <subfield code="i">13474</subfield>
    <subfield code="l">0</subfield>
    <subfield code="o">&#x623;/3401&#x646;9</subfield>
    <subfield code="p">13474</subfield>
    <subfield code="r">2026-05-07 07:51:58</subfield>
    <subfield code="w">2026-05-07</subfield>
    <subfield code="y">&#x643;&#x62A;&#x627;&#x628;</subfield>
  </datafield>
  <datafield tag="999" ind1=" " ind2=" ">
    <subfield code="c">43380</subfield>
    <subfield code="d">43380</subfield>
  </datafield>
</record>
